Manchester United Player with International Goal - Statistics

General Stats
  • This quiz has been taken 194 times
    112 since last reset
  • The average score is 9 of 19
Answer Stats
Answer National Team G % Correct
Marcus Rashford England 16
91%
Christian Eriksen Denmark 39
89%
Bruno Fernandes Portugal 15
86%
Scott McTominay Scotland 6
68%
Casemiro Brazil 7
63%
Harry Maguire England 7
61%
Jonny Evans Northern Ireland 5
49%
Luke Shaw England 3
49%
Anthony Martial France 1
48%
Antony Brazil 2
45%
Diogo Dalot Portugal 2
45%
Victor Lindelof Sweden 3
45%
Rasmus Hojlund Norway 6
38%
Jadon Sancho England 3
34%
Eric Bailly Ivory Coast 2
31%
Raphael Varane France 5
30%
Amad Diallo Ivory Coast 1
27%
Donny van de Beek Netherlands 3
15%
Mason Mount England 5
14%
No matching quizzes found
Score Distribution
Percent of People with Each Score
Percentile by Number Answered
Your Score History
You have not taken this quiz since the last reset